Online Catalogue and eLibrary

Thepal karanawata wada hasun path streen liyanne ayi? (Record no. 5027)

MARC details
000 -LEADER
fixed length control field 00243nam a2200097Ia 4500
008 - FIXED-LENGTH DATA ELEMENTS--GENERAL INFORMATION
fixed length control field 240331s9999 xx 000 0 und d
082 ## - DDC Classification
Item Number - Author Mark KUL
100 ## - MAIN ENTRY--PERSONAL NAME
Personal name Kularathne,N
245 #0 - TITLE STATEMENT
Title Thepal karanawata wada hasun path streen liyanne ayi?
942 ## - Koha item type (Biblio)
Koha item type Books in Stacks (Lending)
Holdings
Lost status Damaged status Collection code Home library Current library Shelving location Date acquired Full call number Accession Number Item type
    Lending WERC Library WERC Library Social Science Cupboard 03/31/2024 305 KUL 6307 Books in Stacks (Lending)

© WERC Library